Statistics for Romanian Football Legends Ultimate Quiz #1 [EN/RO]

Click here to take the quiz!

General Stats

  • This quiz has been taken 115 times
  • The average score is 5 of 10

Answer Stats

HintAnswer% Correct
played for both Real Madrid and Barcelona?
[a jucat atat pentru Real, cat si pentru Barca?]
Gheorghe Hagi
100%
has scored against Italy at EURO 2008?
[a inscris impotriva Italiei la EURO 2008?]
Adrian Mutu
62%
has the most all-time appearances for the Romanian National Team?
[are recordul all-time de aparitii pentru nationala?]
Dorinel Munteanu
62%
has the most appearances in goal for the Romanian National Team?
[are cele mai multe aparitii ca portar pentru Nationala Romaniei?]
Bogdan Stelea
61%
is nicknamed "Fiara" (The Beast)?
[e poreclit "Fiara"?]
Marius Lacatus
59%
has won the UEFA Cup as a manager in 2009?
[a castigat Cupa UEFA ca antrenor in 2009?]
Mircea Lucescu
58%
was Romania's coach at the 1994 World Cup?
[era selectionerul Romaniei la Mondialul din '94?]
Anghel Iordanescu
52%
has won the Champions League as a manager in 1986?
[a castigat Cupa Campionilor ca antrenor in '86?]
Emerich Jenei
45%
has scored 252 goals in Divizia A during his career?
[a inscris 252 de goluri in Divizia A de-a lungul carierei?]
Dudu Georgescu
32%
has scored the most goals (49) in a single Divizia A/Liga I season?
[a inscris cele mai multe goluri intr-un singur sezon de Divizia A/Liga I?]
Ladislau Bonyhadi
12%

Score Distribution

Percentile by Number Answered

Percent of People with Each Score

Your Score History

You have not taken this quiz